000 00961nam a2200217Ia 4500
999 _c36184
_d36184
001 2086
003 GE_BSU
005 20221024120850.0
008 181216s1999en xx |||||||||||||| ||eng||
040 _cGE_BSU
041 _aeng
080 _a811.111(038)+811.353.1(038) E-56
245 _aEnglish- Georgian and Georgian-English dictionery :
_bინგლისურ–ქართული დ ქართულ ინგლისური ლექსიკონი /
_cCompiled by Tamar and Isidore Gvarjaladze
264 _aTbilisi,
_c1999.
300 _a545 c. :
_b17cm.
653 _aEnglish- Georgian and Georgian-English dictionery
653 _aინგლისურ-ქართული და ქართულ-ინგლისური ლექსიკონი
700 _aGvarjaladze, Tamar
_eშემდგენელი
_915477
700 _a Gvarjaladze, Isidore
_eშემდგენელი
_915478
942 _cBK
_2udc